000
00245 a2200109 4500
001
60605
090
_c
37027
_d
37027
100
_a
PAF
245
_a
Aerodynamics-II (For GD(P) Courses)
260
_a
PAF Base Masroor
_b
PAF Press Masroor
300
_a
11 122p
942
_a
CAENUST
999
_c
295678
_d
295678